Report Writing for criminal justice professionals (Record no. 20548)

MARC details
000 -LEADER
fixed length control field 00508nam a2200181Ia 4500
008 - FIXED-LENGTH DATA ELEMENTS--GENERAL INFORMATION
fixed length control field 230917s9999||||xx |||||||||||||| ||und||
020 ## - ISBN
Price GBP34.99
040 ## - CATALOGING SOURCE
-- 237028
Original cataloging agency VIVEKANANDA LIBRARY
041 ## - Language
-- English
082 ## - DDC NUMBER
Classification number 364.024808066 M615R(5)
100 ## - MAIN ENTRY--PERSONAL NAME
Personal name Miller, Larry s
245 #0 - TITLE STATEMENT
Title Report Writing for criminal justice professionals
250 ## - EDITION STATEMENT
Edition statement 5th ed.
260 ## - PUBLICATION, DISTRIBUTION, ETC. (IMPRINT)
Place of publication, distribution, etc London
Name of publisher, distributor, etc Routledge
Date of publication, distribution, etc 2015
300 ## - PHYSICAL DESCRIPTION
Pages xix, 418 p.
500 ## - GENERAL NOTE
General note 2534 10/01/2017 RBP17/63262 23/01/2017 GENETICS DIST-FIST
942 ## - ADDED ENTRY ELEMENTS (KOHA)
Koha item type Books
Holdings
Withdrawn status Lost status Damaged status Not for loan Location (home branch) Sublocation or collection (holding branch) Date acquired Koha issues (times borrowed) Koha full call number Accession No. Koha date last seen Koha item type
        VIVEKANANDA LIBRARY VIVEKANANDA LIBRARY 09/02/2017   364.024808066 M615R(5) 354816 17/09/2023 Books
© Designed and Maintained by Vivekananda Library, MDU Rohtak